自然系の悪魔の実 - Statistics

General Stats
  • This quiz has been taken 177 times
  • The average score is 11 of 12
Answer Stats
能力者 名称 % Correct
スモーカー モクモクの実
100%
ポートガス・D・エースサボ メラメラの実
99%
クロコダイル スナスナの実
99%
クザン ヒエヒエの実
98%
マーシャル・D・ティーチ ヤミヤミの実
98%
ボルサリーノ ピカピカの実
98%
サカズキ マグマグの実
98%
エネル ゴロゴロの実
96%
シーザー・クラウン ガスガスの実
89%
カリブー ヌマヌマの実
79%
モネ ユキユキの実
77%
アラマキ モリモリの実
69%
No matching quizzes found
Score Distribution
Percent of People with Each Score
Percentile by Number Answered
Your Score History
You have not taken this quiz